Yüklüyor......

സ്വര്‍ഗ്ഗത്തില്‍ നിന്നൊരാള്‍ /

Detaylı Bibliyografya
Yazar: അനിത‍ാ ശരത്
Diğer Yazarlar: Anithasarath
Materyal Türü: Printed Book
Dil:English
Baskı/Yayın Bilgisi: തിരുവനന്തപുരം : പ്രഭാത്‌ ബുക്ക്‌ ഹൗസ്, 2018.
Edisyon:1st ed.
Konular:
LEADER 00984 a2200205 4500
008 181127b xxu||||| |||| 00| 0 eng d
999 |c 23863  |d 23863 
020 |a 9788177058185 
082 |a 894.11  |b ANI 
100 |a അനിത‍ാ ശരത് 
240 |a Swargathil ninnoral 
245 |a സ്വര്‍ഗ്ഗത്തില്‍ നിന്നൊരാള്‍ /  |c അനിതാശരത് 
250 |a 1st ed. 
260 |b പ്രഭാത്‌ ബുക്ക്‌ ഹൗസ്,  |a തിരുവനന്തപുരം :  |c 2018. 
300 |a 60p. 
650 |a കവിതകള്‍ 
700 |a Anithasarath 
942 |2 ddc  |c BK 
952 |0 0  |1 0  |2 ddc  |4 0  |6 894_110000000000000_ANI  |7 0  |9 32748  |a MAIN  |b MAIN  |d 2019-01-04  |e Prabhath Book House  |g 60.00  |o 894.11 ANI  |p 33390  |r 2019-01-04  |t 1  |v 0.00  |w 2019-01-04  |y BK 
952 |0 0  |1 0  |2 ddc  |4 0  |6 894_110000000000000_ANI  |7 0  |9 35982  |a MAIN  |b MAIN  |d 2019-04-10  |e Prabhath Book House  |g 60.00  |o 894.11 ANI  |p 34278  |r 2019-04-10  |t 2  |w 2019-04-10  |y BK